Statistics for Leelee Sobieski Filmography

Click here to take the quiz!

General Stats

  • This quiz has been taken 2 times
  • The average score is 23 of 46

Answer Stats

TypeYearName% Correct
Film1998Deep Impact
100%
Film200788 Minutes
50%
Film2010Acts of Violence
50%
TV Film1995A Horse for Danny
50%
TV Film2018Amerikali Kiz
50%
Film1998A Soldier's Daughter Never Cries
50%
Film2012Branded
50%
TV Show1995-1996Charlie Grace
50%
Short Film2006Coven
50%
TV Mini-Series2003Dangerous Liaisons
50%
TV Show2010Drop Dead Diva
50%
Film1999Eyes Wide Shut
50%
Film2009Finding Bliss
50%
TV Show2002Frasier
50%
TV Show1998F/X: The Series
50%
TV Show1996Grace Under Fire
50%
Film2006Heavens Fall
50%
TV Mini-Series2005Hercules
50%
Film2000Here on Earth
50%
Film2006In a Dark Place
50%
Film2007In the Name of the King: A Dungeon Siege Tale
50%
TV Mini-Series1999Joan of Arc
50%
Film2001Joy Ride
50%
Film1997Jungle 2 Jungle
50%
Film2006Lying
50%
Film2002Max
50%
Film2001My First Mister
50%
Film1999Never Been Kissed
50%
TV Show1996NewsRadio
50%
Film2009Night Train
50%
TV Show2012NYC 22
50%
Film2009Public Enemies
50%
TV Film1994Reunion
50%
Film2006The Elder Son
50%
Film2001The Glass House
50%
TV Show2011The Good Wife
50%
Podcast2019The History Chicks
50%
TV Show1996The Home Court
50%
Film2016The Last Film Festival
50%
Film2006The Wicker Man
50%
Short Film2009Two Other Dreams
50%
TV Film2001Uprising
50%
Film2007Walk All Over Me
50%
Music Video2002We Are All Made of Stars
50%
Music Video1999Where You Are
50%
Film2002The Idol
0%

Score Distribution

Percentile by Number Answered

Percent of People with Each Score

Your Score History

You have not taken this quiz